000 00260nam a2200109Ia 4500
008 220204s9999 xx 000 0 und d
082 _a82-3
_bHES
100 _aHesse, Hermann
245 0 _aNarziss and Goldmund
260 _aEngland
_bPenguin
_c1978
942 _cBK
999 _c33017
_d33017